| 000 | 00960nam a22002177a 4500 | ||
|---|---|---|---|
| 005 | 20250616124626.0 | ||
| 008 | 250616b |||||||| |||| 00| 0 eng d | ||
| 020 | _a978-93-48092-03-8 (hbk) | ||
| 037 | _cTB | ||
| 040 |
_aCRL _cCRL |
||
| 041 |
_2pun _apun |
||
| 084 |
_aV243,4AN20 153R4 _qCRL |
||
| 100 |
_aਖਾਲਸਾ, ਹਰਵਿਦੇਰ ਸਿੰਘ _9812919 |
||
| 245 | _aਜਥੇਦਾਰ ਗੁਰਚਰਨ ਸਿੰਘ ਟੋਹਰਾ: ਇਤਿਹਾਸਿਕ ਮੁਲਾਕਾਤਾਂ ਤੇ ਦਸਤਾਵੇਜ | ||
| 260 |
_aਸੰਗਰੂਰੁ, ਭਾਰਤ: _bਰਿਥਿੰਕ ਪਬਲਿਸ਼ਰ, _c2024. |
||
| 300 | _a130 ਪ. | ||
| 365 |
_b299.00 _cINR |
||
| 650 |
_2ਇਤਿਹਾਸ _a |
||
| 942 |
_2CC _cTB _hV243,4AN20 153R4 _n0 |
||
| 999 |
_c1431749 _d1431749 |
||